Diseño estructural de casas habitación
Spremljeno u:
| Glavni autor: | |
|---|---|
| Daljnji autori: | , |
| Format: | Knjiga |
| Izdano: |
México: Mc Graw Hill
2005
|
| Izdanje: | 2 |
| Oznake: |
Dodaj oznaku
Bez oznaka, Budi prvi tko označuje ovaj zapis!
|
MARC
| LEADER | 00000nam a2200000Ia 4500 | ||
|---|---|---|---|
| 003 | 000163 | ||
| 005 | 20221231144016.0 | ||
| 008 | 140114s2005 mx a 000 ||s d | ||
| 020 | |a 970104826 1 | ||
| 040 | |c cru CEDI | ||
| 082 | |a 729.3 G177d2 | ||
| 100 | |a Gallo Ortiz, Gabriel |9 18327 | ||
| 245 | |a Diseño estructural de casas habitación | ||
| 250 | |a 2 | ||
| 260 | |a México: Mc Graw Hill |c 2005 | ||
| 300 | |a 187 hojas ; ilustraciones | ||
| 700 | |9 18328 |a Espino Márquez, Luis Ignacio | ||
| 700 | |9 18329 |a Olvera Montes, Alfonso Emilio | ||
| 942 | |2 ddc |c BK | ||
| 999 | |c 15556 |d 15556 | ||
